| 000 | 00790nam a22002177a 4500 | ||
|---|---|---|---|
| 999 |
_c5162 _d5162 |
||
| 003 | AR-CdUCM | ||
| 008 | 190312b ||||| |||| 00| 0 spa d | ||
| 040 |
_aMUNICIPALIDAD PROVINCIAL DEL CUSCO _cBIBLIOTECA MUNICIPAL DEL CUSCO |
||
| 082 |
_a869.56 / _bV37 |
||
| 100 |
_aVega, Fernán de la _915677 |
||
| 245 |
_aFilo que nunca siega : _bSonetos en sorna (1956-1974) / |
||
| 260 |
_aNueva york : _bTalleres de hispanic printing corporation, _c1975. |
||
| 300 |
_a33 paginas ; _c21 cm. |
||
| 500 | _aDonación de la familia Nieto. | ||
| 505 | _aContenido :Autografía -- Ladrillo -- Turismo -- Cincuentena -- Casalástima ... | ||
| 650 |
_aPoesías latinoamericanas _915678 |
||
| 650 |
_aLiteratura latinoamericana _91143 |
||
| 650 |
_aVersos _92209 |
||
| 942 |
_2ddc _cLIBROS |
||
| 945 | _arum | ||